00987nam a2200217 a 450000100060000000300080000600500170001400800410003103500190007204000380009104100080012908200240013711100940016124501720025526000370042730000330046450001790049750400410067665000260071771000260074372546BD-RjUL20211209082256.0170520s1963 xx 001 0 engm  a(BD-RjUL)72764 aDLCcTOLdm.c.dMYGdBD-RjULbeng aeng 223a572.6bRAA 19632 aInternational Symposium on Protein Structure and Crystallographyd(1963 :cMadras, India)10aAspects of protein structure :bproceedings of a symposium held in Madras 14-18 January 1963 and organized by the University of Madras /cEdited by G. N. Ramachandran. aLondon :bAcademic Press,c1963. ax, 380 p. :b ill. ;c23 cm. aThis volume is a report of the proceedings of the Symposium on protein structure, which formed a part of the International symposium on protein structure and crystallography. aIncludes bibliographical references. 0aProteinsvCongresses.2 aUniversity of Madras.